000 005900000a22001810004500
003 MACL
005 20160128134342.0
008 160128b xxu||||| |||| 00| 0 eng d
040 _aMACL
_cMACL
041 _aHindi
082 _a370/LAL
100 _aडॉ लाल एवं जैन
_931570
245 _aएस एस सी संयुक्‍त मुख्‍य परीक्षा (‍मैट्रिक स्‍तर)
260 _bउपकार प्रकाशन
_aआगरा
350 _a150
650 _aEducations
_932508
942 _cHIN
_k370/LAL
_2ddc
999 _c30942
_d30942